[Event "RUS-chT2"]
[Site "Sochi"]
[Date "2025.05.05"]
[Round "9.4"]
[White "Kozionov, Kirill"]
[Black "Kukhmazov, Arsen"]
[Result "1/2-1/2"]
[WhiteElo "2449"]
[BlackElo "2467"]
[PlyCount "89"]
[EventDate "2025.04.26"]
[EventType "team-swiss"]
[EventRounds "9"]
[EventCountry "RUS"]
[SourceTitle "CB19_2025"]
[SourceDate "2025.05.07"]
[SourceVersion "1"]
[SourceVersionDate "2025.05.07"]
[SourceQuality "1"]
[WhiteTeam "Moscow Formula Shakhmat"]
[BlackTeam "Moscow Tauer"]
[WhiteTeamCountry "RUS"]
[BlackTeamCountry "RUS"]

1. e4 c6 2. d4 d5 3. e5 Bf5 4. Nf3 e6 5. Be2 Ne7 6. 0-0 c5 7. c4 Nbc6 8. dxc5 dxc4 9. Bxc4 Ng6 10. Be3 Be7 11. Be2 0-0 12. Qb3 Qc7 13. Na3 Ngxe5 14. Nb5 Qb8 15. h3 a6 16. Nc3 Qc7 17. Na4 Rad8 18. Rfd1 Bf6 19. Rxd8 Rxd8 20. Rd1 Rxd1+ 21. Qxd1 h6 22. Nd4 Bg6 23. a3 Ne7 24. Nb6 N5c6 25. b4 Be4 26. Nxc6 Bxc6 27. Bd4 Bxd4 28. Qxd4 Nf5 29. Qd2 Qe5 30. Nc4 Qa1+ 31. Qd1 Qc3 32. Qd8+ Kh7 33. Qd2 Qa1+ 34. Qd1 Qf6 35. Na5 Be4 36. Bf3 Bxf3 37. Qxf3 Qa1+ 38. Kh2 Qe5+ 39. g3 Nd4 40. Qxf7 Qe2 41. Qf4 Nf3+ 42. Kg2 Ne1+ 43. Kg1 Nf3+ 44. Kg2 Ne1+ 45. Kg1 1/2-1/2

[Event "Senta Fantastico GM Mix 02"]
[Site "Senta"]
[Date "2025.02.14"]
[Round "7"]
[White "Kukhmazov, Arsen"]
[Black "Jiang, Haochen"]
[Result "1/2-1/2"]
[WhiteElo "2469"]
[BlackElo "2374"]
[PlyCount "30"]
[EventDate "2025.02.11"]
[EventType "swiss"]
[EventRounds "9"]
[EventCountry "SRB"]
[SourceTitle "CB09_2025"]
[SourceDate "2025.02.27"]
[SourceVersion "1"]
[SourceVersionDate "2025.02.27"]
[SourceQuality "1"]

1. d4 Nf6 2. c4 e6 3. Nf3 d5 4. Nc3 Bb4 5. Qa4+ Nc6 6. e3 0-0 7. Bd2 dxc4 8. Bxc4 Bd7 9. Qc2 Bd6 10. 0-0 e5 11. dxe5 Nxe5 12. Nxe5 Bxe5 13. f4 Bxc3 14. Bxc3 Qe7 15. Bxf6 Qxf6 1/2-1/2

[Event "Senta Fantastico GM Mix 02"]
[Site "Senta"]
[Date "2025.02.13"]
[Round "5"]
[White "Cao, Qingfeng"]
[Black "Kukhmazov, Arsen"]
[Result "0-1"]
[WhiteElo "2342"]
[BlackElo "2469"]
[PlyCount "100"]
[EventDate "2025.02.11"]
[EventType "swiss"]
[EventRounds "9"]
[EventCountry "SRB"]
[SourceTitle "CB09_2025"]
[SourceDate "2025.02.27"]
[SourceVersion "1"]
[SourceVersionDate "2025.02.27"]
[SourceQuality "1"]

1. d4 Nf6 2. c4 e6 3. Nf3 d5 4. g3 Bb4+ 5. Bd2 a5 6. Bg2 0-0 7. Qc2 c5 8. cxd5 cxd4 9. Nxd4 Qb6 10. e3 exd5 11. 0-0 Nc6 12. Nxc6 bxc6 13. Rc1 Rb8 14. Nc3 h5 15. h3 Re8 16. Na4 Qd8 17. Bxb4 Rxb4 18. a3 Rc4 19. Qd1 Rxc1 20. Rxc1 Qd6 21. Qd4 Bf5 22. Qc5 Qe6 23. Nb6 Bxh3 24. Qxc6 Bxg2 25. Kxg2 Qe4+ 26. Kg1 h4 27. gxh4 Re6 28. Qa8+ Kh7 29. Rc6 Qg4+ 30. Kf1 Qd1+ 31. Kg2 Qg4+ 32. Kf1 Qd1+ 33. Kg2 Re4 34. Rxf6 Qg4+ 35. Kf1 Qd1+ 36. Kg2 gxf6 37. Qxd5 Qg4+ 38. Kf1 Kg7 39. h5 Qh3+ 40. Ke2 Re5 41. Qf3 Qe6 42. h6+ Kxh6 43. Qf4+ Kg7 44. Qd4 Re4 45. Qc5 Qg4+ 46. Ke1 Re5 47. Qc4 Qf5 48. Qd4 Rc5 49. Kf1 Rc2 50. Qh4 Qb5+ 0-1

[Event "Senta Fantastico GM Mix 02"]
[Site "Senta"]
[Date "2025.02.12"]
[Round "2"]
[White "Akhmedov, David"]
[Black "Kukhmazov, Arsen"]
[Result "0-1"]
[WhiteElo "2368"]
[BlackElo "2469"]
[PlyCount "180"]
[EventDate "2025.02.11"]
[EventType "swiss"]
[EventRounds "9"]
[EventCountry "SRB"]
[SourceTitle "CB09_2025"]
[SourceDate "2025.02.27"]
[SourceVersion "1"]
[SourceVersionDate "2025.02.27"]
[SourceQuality "1"]

1. c4 e6 2. Nf3 d5 3. g3 dxc4 4. Bg2 Nc6 5. 0-0 Nf6 6. Qa4 Bd7 7. Qxc4 e5 8. d3 Bd6 9. b3 h6 10. Bb2 0-0 11. Nbd2 Re8 12. a3 Qc8 13. Rfe1 Bh3 14. Bh1 Qe6 15. b4 a6 16. Qc2 Ne7 17. e4 Ng6 18. Nc4 Nd7 19. Rac1 b5 20. Ne3 Nb6 21. d4 f6 22. Nd2 a5 23. bxa5 Rxa5 24. Nb3 Raa8 25. Nc5 Qf7 26. d5 Na4 27. Nxa4 Rxa4 28. Qd3 Bd7 29. Bf3 Rea8 30. Bh5 Kh7 31. Nf5 Nf4 32. gxf4 Qxh5 33. Nxd6 cxd6 34. Rc7 Bg4 35. Qg3 R8a7 36. Rxa7 Rxa7 37. Kg2 exf4 38. Qxf4 Qh3+ 39. Kg1 Bf3 40. Qg3 Qxg3+ 41. hxg3 Ra4 42. Bc1 Bxe4 43. Bf4 Bxd5 44. Bxd6 Rc4 45. Kf1 Bf3 46. Bb4 g5 47. Re7+ Kg6 48. Ke1 Rd4 49. Bd2 h5 50. Re3 g4 51. Re8 Rd3 52. Re3 Rd5 53. Re8 Kf7 54. Rc8 Ke6 55. Re8+ Kd7 56. Rh8 Rd3 57. Rxh5 Rxa3 58. Rc5 Rb3 59. Bc3 Kd6 60. Rc8 Kd7 61. Rc5 b4 62. Bxf6 Rd3 63. Rc1 b3 64. Bg7 Ke6 65. Bb2 Rd7 66. Ra1 Kf5 67. Rc1 Re7+ 68. Kd2 Re2+ 69. Kc3 Bd5 70. Ba3 Rxf2 71. Rd1 Be4 72. Rg1 Rf3+ 73. Kb2 Bd5 74. Bc5 Rd3 75. Rf1+ Kg6 76. Bd6 Bg2 77. Rf4 Rxd6 78. Rxg4+ Kf5 79. Rf4+ Ke5 80. Kxb3 Be4 81. Rh4 Kd4 82. Kb4 Rb6+ 83. Ka5 Rb1 84. Ka6 Kd5 85. Ka7 Rb4 86. Rh2 Kc5 87. Rd2 Rb7+ 88. Ka6 Rh7 89. Rd8 Bc6 90. Rc8 Rh2 0-1

[Event "Senta Fantastico op 03"]
[Site "Senta"]
[Date "2025.02.09"]
[Round "8.4"]
[White "Nigametzianov, Mikhail"]
[Black "Kukhmazov, Arsen"]
[Result "0-1"]
[WhiteElo "2399"]
[BlackElo "2469"]
[PlyCount "88"]
[EventDate "2025.02.05"]
[EventType "swiss"]
[EventRounds "9"]
[EventCountry "SRB"]
[SourceTitle "CB08_2025"]
[SourceDate "2025.02.19"]
[SourceVersion "1"]
[SourceVersionDate "2025.02.19"]
[SourceQuality "1"]

1. d4 d5 2. Nf3 Nf6 3. e3 c5 4. dxc5 e6 5. c3 Bxc5 6. b4 Be7 7. Bb2 0-0 8. a3 a5 9. Nbd2 Nbd7 10. Nb3 b6 11. Be2 Bb7 12. 0-0 Ne4 13. bxa5 bxa5 14. c4 Nb6 15. Nbd2 Nxd2 16. Nxd2 Rc8 17. cxd5 Bxd5 18. Bd4 h6 19. Bf3 Nc4 20. Nxc4 Bxc4 21. Re1 Bd5 22. Be2 Qd7 23. Ba6 Bb7 24. Qg4 Bg5 25. Bxb7 Qxb7 26. h4 f5 27. Qg3 Bf6 28. Bxf6 Rxf6 29. Reb1 Qe4 30. Rb5 f4 31. exf4 Rg6 32. Qh2 Rc2 33. Rf1 Qc4 34. Rb8+ Kh7 35. h5 Rg4 36. g3 Qxf4 37. Rb3 Rg5 38. Qg2 Qc4 39. Rb8 Rxh5 40. Qa8 Kg6 41. Rf8 Qc6 42. Qxc6 Rxc6 43. Re1 Rf5 44. f4 Rxf8 0-1

[Event "Senta Fantastico op 03"]
[Site "Senta"]
[Date "2025.02.08"]
[Round "6.5"]
[White "Dvalishvili, Pavel S"]
[Black "Kukhmazov, Arsen"]
[Result "0-1"]
[WhiteElo "2344"]
[BlackElo "2469"]
[PlyCount "36"]
[EventDate "2025.02.05"]
[EventType "swiss"]
[EventRounds "9"]
[EventCountry "SRB"]
[SourceTitle "CB08_2025"]
[SourceDate "2025.02.19"]
[SourceVersion "1"]
[SourceVersionDate "2025.02.19"]
[SourceQuality "1"]

1. e4 c6 2. d4 d5 3. Nd2 dxe4 4. Nxe4 Bf5 5. Ng3 Bg6 6. Nf3 e6 7. Ne5 Nd7 8. Nxg6 hxg6 9. c3 Ngf6 10. Bf4 c5 11. dxc5 Bxc5 12. Bd3 Nd5 13. Bc1 Qc7 14. Be4 0-0-0 15. Qe2 Bb6 16. Bxd5 exd5 17. Kf1 Rhe8 18. Be3 f5 0-1

[Event "Senta Fantastico op 03"]
[Site "Senta"]
[Date "2025.02.06"]
[Round "3.9"]
[White "Kukhmazov, Arsen"]
[Black "Mikheeva, Galina"]
[Result "1/2-1/2"]
[WhiteElo "2469"]
[BlackElo "2238"]
[PlyCount "102"]
[EventDate "2025.02.05"]
[EventType "swiss"]
[EventRounds "9"]
[EventCountry "SRB"]
[SourceTitle "CB08_2025"]
[SourceDate "2025.02.19"]
[SourceVersion "1"]
[SourceVersionDate "2025.02.19"]
[SourceQuality "1"]

1. c4 e6 2. Nc3 d5 3. d4 Be7 4. cxd5 exd5 5. Bf4 Nf6 6. e3 c6 7. Bd3 Nbd7 8. h3 Nf8 9. Nf3 Ne6 10. Bh2 0-0 11. 0-0 b6 12. Rc1 c5 13. Re1 Bb7 14. Be5 Rc8 15. dxc5 bxc5 16. Bc2 Qa5 17. Bxf6 Bxf6 18. Nxd5 Rfd8 19. Nxf6+ gxf6 20. Bxh7+ Kxh7 21. Qc2+ Kg7 22. Nh4 Rd2 23. Qf5 Rd5 24. Qf3 c4 25. e4 Rg5 26. Nf5+ Kf8 27. Nd6 Rc7 28. Qxf6 Qe5 29. Qxe5 Rxe5 30. Rxc4 Rxc4 31. Nxc4 Rxe4 32. Rxe4 Bxe4 33. a3 Nf4 34. f3 Bd5 35. Ne3 Bb3 36. Nf5 a5 37. Nd4 a4 38. Nxb3 axb3 39. Kf2 Nd3+ 40. Ke3 Nxb2 41. Kd2 Nc4+ 42. Kc3 b2 43. Kc2 Nxa3+ 44. Kxb2 Nc4+ 45. Kc3 Ne3 46. g4 Ke7 47. Kd4 Ng2 48. Ke4 Kf6 49. f4 Nh4 50. Kd4 Ng6 51. Ke4 Nh4 1/2-1/2

[Event "Senta Fantastico op 03"]
[Site "Senta"]
[Date "2025.02.05"]
[Round "1.1"]
[White "Kukhmazov, Arsen"]
[Black "Runic, Zoran"]
[Result "1/2-1/2"]
[WhiteElo "2469"]
[BlackElo "2262"]
[PlyCount "108"]
[EventDate "2025.02.05"]
[EventType "swiss"]
[EventRounds "9"]
[EventCountry "SRB"]
[SourceTitle "CB08_2025"]
[SourceDate "2025.02.19"]
[SourceVersion "1"]
[SourceVersionDate "2025.02.19"]
[SourceQuality "1"]

1. d4 d5 2. c4 e6 3. Nf3 Nf6 4. g3 Bd6 5. Bg2 c6 6. Nc3 Nbd7 7. Nd2 Qe7 8. 0-0 0-0 9. e4 dxe4 10. Ndxe4 Nxe4 11. Nxe4 Bc7 12. Re1 Rd8 13. Bg5 f6 14. Be3 Nf8 15. Qb3 a5 16. a4 h6 17. f4 Rb8 18. Nc3 Bd7 19. Bf2 Qb4 20. Qxb4 axb4 21. Na2 Ba5 22. b3 Be8 23. Be4 g5 24. fxg5 hxg5 25. g4 Kg7 26. Rad1 Bg6 27. Bxg6 Kxg6 28. Nc1 Rd7 29. Nd3 Rh7 30. Nc5 Re8 31. Kg2 b6 32. Ne4 Rd8 33. Nd2 Rhd7 34. Nf3 e5 35. h4 Ne6 36. hxg5 Nxg5 37. Nxg5 Kxg5 38. Re4 b5 39. axb5 cxb5 40. cxb5 Bb6 41. d5 Bxf2 42. Kxf2 Rxd5 43. Rxd5 Rxd5 44. Rxb4 f5 45. b6 Rd8 46. b7 Rb8 47. gxf5 Kxf5 48. Rb6 Kf4 49. Rb4+ Kf5 50. Rb6 Kf4 51. Ke2 Ke4 52. Kd2 Kd4 53. b4 e4 54. Ke2 e3 1/2-1/2

[Event "Qatar Masters op-A"]
[Site "Doha"]
[Date "2024.12.07"]
[Round "5"]
[White "Balajayeva, Khanim Asad Qizi"]
[Black "Kukhmazov, Arsen"]
[Result "1/2-1/2"]
[WhiteElo "2362"]
[BlackElo "2480"]
[PlyCount "62"]
[EventDate "2024.12.03"]
[EventType "swiss"]
[EventRounds "9"]
[EventCountry "QAT"]
[SourceTitle "CB51_2024"]
[SourceDate "2024.12.18"]
[SourceVersion "1"]
[SourceVersionDate "2024.12.18"]
[SourceQuality "1"]

1. e4 c5 2. Nf3 e6 3. d4 cxd4 4. Nxd4 Nf6 5. Bd3 Nc6 6. Nxc6 bxc6 7. Bf4 d5 8. Nd2 Be7 9. 0-0 0-0 10. e5 Nd7 11. Re1 Nc5 12. Nb3 Nxd3 13. cxd3 Qb6 14. Rc1 c5 15. Qc2 Ba6 16. Nxc5 Bxc5 17. Qxc5 Bxd3 18. Qxb6 axb6 19. Red1 Bf5 20. a3 Rfc8 21. Rxc8+ Rxc8 22. Rc1 Rxc1+ 23. Bxc1 Kf8 24. Be3 b5 25. Kf1 Ke7 26. Ke2 Kd7 27. Bd4 Bb1 28. Kd2 Kc6 29. Kc3 Bf5 30. Kb4 Bd3 31. Kc3 Bb1 1/2-1/2

[Event "Titled Tuesday intern op 24th Sep Early"]
[Site "Chess.com INT"]
[Date "2024.09.24"]
[Round "4"]
[White "Kashefi, Amir Hossein"]
[Black "Kukhmazov, Arsen"]
[Result "0-1"]
[WhiteElo "2183"]
[BlackElo "2480"]
[PlyCount "74"]
[EventDate "2024.09.24"]
[EventType "swiss (blitz)"]
[EventRounds "11"]
[EventCountry "USA"]
[SourceTitle "EXT 2025"]
[Source "ChessBase"]
[SourceDate "2024.10.14"]
[SourceVersion "1"]
[SourceVersionDate "2024.10.14"]
[SourceQuality "1"]

1. Nf3 d5 2. g3 c6 3. Bg2 Bf5 4. 0-0 e6 5. d3 h6 6. Nbd2 Nf6 7. c4 Be7 8. Qb3 Qb6 9. Re1 0-0 10. e4 dxe4 11. Nxe4 Bxe4 12. dxe4 Qxb3 13. axb3 Na6 14. e5 Nd7 15. Rxa6 bxa6 16. Nd4 Bb4 17. Re2 Nb8 18. Be3 Rc8 19. f4 a5 20. Kf2 Kf8 21. f5 exf5 22. Nxf5 Nd7 23. Bf4 Nc5 24. Re3 Ne6 25. Re2 Bc5+ 26. Ke1 Rab8 27. Bd2 Rxb3 28. Bxa5 Rcb8 29. Bxc6 Rxb2 30. Bb5 Rxe2+ 31. Kxe2 a6 32. Bc6 Rb2+ 33. Kd3 Rxh2 34. Bc3 Rh3 35. Bg2 Nf4+ 36. Ke4 Nxg2 37. Kf3 Ne3 0-1

[Event "Titled Tuesday intern op 24th Sep Early"]
[Site "Chess.com INT"]
[Date "2024.09.24"]
[Round "3"]
[White "Kukhmazov, Arsen"]
[Black "Kryakvin, Dmitry"]
[Result "1-0"]
[WhiteElo "2480"]
[BlackElo "2462"]
[PlyCount "69"]
[EventDate "2024.09.24"]
[EventType "swiss (blitz)"]
[EventRounds "11"]
[EventCountry "USA"]
[SourceTitle "EXT 2025"]
[Source "ChessBase"]
[SourceDate "2024.10.14"]
[SourceVersion "1"]
[SourceVersionDate "2024.10.14"]
[SourceQuality "1"]

1. d4 d5 2. c4 c6 3. Nf3 Nf6 4. Qc2 dxc4 5. Qxc4 Bg4 6. Nbd2 Nbd7 7. g3 e6 8. Bg2 Be7 9. 0-0 a5 10. Rd1 a4 11. a3 0-0 12. Nb1 Qa5 13. Nc3 Rfd8 14. e4 e5 15. dxe5 Nxe5 16. Rxd8+ Rxd8 17. Nxe5 Qxe5 18. Bf4 Qh5 19. Qxa4 Bf3 20. Qc2 Bc5 21. h3 Bxg2 22. Kxg2 Qg6 23. Re1 Bd4 24. Qe2 Re8 25. f3 Nh5 26. Qd2 Bxc3 27. bxc3 Nxf4+ 28. Qxf4 Qe6 29. Qd2 Qb3 30. Ra1 Ra8 31. a4 h6 32. a5 Qb5 33. h4 Kh7 34. g4 Rxa5 35. c4 1-0

[Event "Titled Tuesday intern op 24th Sep Early"]
[Site "Chess.com INT"]
[Date "2024.09.24"]
[Round "6"]
[White "Kukhmazov, Arsen"]
[Black "Terry, Renato"]
[Result "1-0"]
[WhiteElo "2480"]
[BlackElo "2508"]
[PlyCount "131"]
[EventDate "2024.09.24"]
[EventType "swiss (blitz)"]
[EventRounds "11"]
[EventCountry "USA"]
[SourceTitle "EXT 2025"]
[Source "ChessBase"]
[SourceDate "2024.10.14"]
[SourceVersion "1"]
[SourceVersionDate "2024.10.14"]
[SourceQuality "1"]

1. d4 e6 2. c4 Bb4+ 3. Nd2 Nf6 4. Ngf3 a5 5. a3 Bxd2+ 6. Bxd2 a4 7. e3 d6 8. Bd3 Qe7 9. Bc3 0-0 10. 0-0 Re8 11. Re1 Nc6 12. Bc2 Bd7 13. Bxa4 Ne4 14. Bc2 Nxc3 15. bxc3 Ra5 16. Qb1 g6 17. c5 Ra7 18. cxd6 Qxd6 19. Nd2 b6 20. a4 Rea8 21. Nc4 Qd5 22. Nb2 Qa5 23. Rc1 Ne7 24. Be4 Rf8 25. Qc2 Qg5 26. Nd3 Rd8 27. Ne5 Be8 28. g3 f6 29. Nc4 Qh6 30. Ra3 Nd5 31. Rca1 Qh5 32. a5 b5 33. Nd2 Ne7 34. a6 c6 35. c4 Kf7 36. cxb5 cxb5 37. Nb3 Rc8 38. Nc5 Nd5 39. Qb3 Bc6 40. Ra5 Qg4 41. Qc2 f5 42. Bg2 Kg7 43. Nxe6+ Kh6 44. Nc5 Qg5 45. h4 Qe7 46. Qd2 Kg7 47. Qc2 Nb4 48. Qb2 Bxg2 49. Kxg2 Nd5 50. Rxb5 Rcc7 51. Rb7 h6 52. Rxa7 Rxa7 53. Kg1 g5 54. hxg5 hxg5 55. Qe2 Nf6 56. Qf3 Kg6 57. Ra5 Qd8 58. Nb3 Qd7 59. Qe2 Qe6 60. Qb5 Rh7 61. Qe5 Qc6 62. Qxf5+ Kf7 63. d5 Qc3 64. Ra1 Qxb3 65. a7 Qb2 66. a8Q 1-0

[Event "Titled Tuesday intern op 24th Sep Early"]
[Site "Chess.com INT"]
[Date "2024.09.24"]
[Round "1"]
[White "Kukhmazov, Arsen"]
[Black "Zielonka, Adam"]
[Result "1-0"]
[WhiteElo "2480"]
[BlackElo "2319"]
[PlyCount "79"]
[EventDate "2024.09.24"]
[EventType "swiss (blitz)"]
[EventRounds "11"]
[EventCountry "USA"]
[SourceTitle "EXT 2025"]
[Source "ChessBase"]
[SourceDate "2024.10.14"]
[SourceVersion "1"]
[SourceVersionDate "2024.10.14"]
[SourceQuality "1"]

1. d4 Nf6 2. c4 e6 3. Nf3 b6 4. a3 Bb7 5. Nc3 d5 6. Bg5 Be7 7. Qa4+ Qd7 8. Qc2 0-0 9. e3 h6 10. Bh4 a6 11. Rd1 Qc8 12. cxd5 exd5 13. Bd3 c5 14. 0-0 c4 15. Bf5 Qd8 16. Ne5 Nfd7 17. Bg3 Nxe5 18. dxe5 b5 19. Bh7+ Kh8 20. Be4 dxe4 21. Rxd8 Rxd8 22. Nxe4 Nd7 23. Nd6 Bd5 24. Rd1 Be6 25. f4 Bxd6 26. Rxd6 Nc5 27. f5 Bd5 28. Qd1 Nd3 29. f6 g6 30. Qg4 Rxd6 31. exd6 Be6 32. Qh4 Kh7 33. Bf4 Nxf4 34. Qxf4 Rd8 35. e4 a5 36. Qd2 Ra8 37. e5 g5 38. h4 gxh4 39. Qf4 h3 40. Qe4+ 1-0

[Event "Titled Tuesday intern op 24th Sep Early"]
[Site "Chess.com INT"]
[Date "2024.09.24"]
[Round "9"]
[White "Niemann, Hans Moke"]
[Black "Kukhmazov, Arsen"]
[Result "1-0"]
[WhiteElo "2733"]
[BlackElo "2480"]
[PlyCount "91"]
[EventDate "2024.09.24"]
[EventType "swiss (blitz)"]
[EventRounds "11"]
[EventCountry "USA"]
[SourceTitle "EXT 2025"]
[Source "ChessBase"]
[SourceDate "2024.10.14"]
[SourceVersion "1"]
[SourceVersionDate "2024.10.14"]
[SourceQuality "1"]

1. e4 c6 2. Nf3 d5 3. Nc3 Bg4 4. h3 Bh5 5. exd5 cxd5 6. g4 Bg6 7. d4 Nc6 8. h4 e6 9. Ne5 f6 10. h5 fxe5 11. hxg6 h6 12. dxe5 Bb4 13. Bd2 Nge7 14. f4 Nxg6 15. Bd3 Nge7 16. a3 Bxc3 17. Bxc3 Rf8 18. Bd2 Qb6 19. Qe2 Qxb2 20. 0-0 Qb6+ 21. Be3 d4 22. Bd2 0-0-0 23. f5 Qc5 24. Bb4 Nxb4 25. axb4 Qb6 26. f6 gxf6 27. exf6 Nd5 28. Qe5 Qd6 29. Qxd6 Rxd6 30. f7 Ne3 31. Rf4 e5 32. Rf3 Kd8 33. Rxa7 Rd7 34. Bg6 Ke7 35. Ra5 Rd5 36. Ra7 Rb5 37. c3 Nxg4 38. c4 Rxb4 39. c5 Ne3 40. c6 Kd6 41. Rxb7 Rxb7 42. cxb7 Kc7 43. Be4 Nc4 44. Rb3 Nb6 45. Kh2 h5 46. Kh3 1-0

[Event "Titled Tuesday intern op 17th Sep Late"]
[Site "Chess,com INT"]
[Date "2024.09.17"]
[Round "3"]
[White "Kukhmazov, Arsen"]
[Black "Bilan, Danila"]
[Result "1/2-1/2"]
[WhiteElo "2480"]
[BlackElo "2303"]
[PlyCount "77"]
[EventDate "2024.09.17"]
[EventType "swiss (blitz)"]
[EventRounds "11"]
[EventCountry "USA"]
[SourceTitle "EXT 2025"]
[Source "ChessBase"]
[SourceDate "2024.10.14"]
[SourceVersion "1"]
[SourceVersionDate "2024.10.14"]
[SourceQuality "1"]

1. d4 d5 2. c4 c6 3. Nf3 Nf6 4. Nc3 e6 5. Bg5 Nbd7 6. e3 Be7 7. Qc2 b6 8. Bd3 Bb7 9. 0-0 dxc4 10. Bxc4 Nd5 11. Bxe7 Qxe7 12. Rfd1 Nxc3 13. Qxc3 0-0 14. e4 c5 15. d5 exd5 16. exd5 Qd6 17. Re1 Rfe8 18. Rad1 Nf6 19. Ne5 Rad8 20. f4 Bxd5 21. Bb5 Re6 22. h3 g6 23. Bc4 Qe7 24. Qd2 Red6 25. Qf2 Bxc4 26. Rxd6 Qxd6 27. Nxc4 Qd4 28. Ne5 Qxf2+ 29. Kxf2 Rd2+ 30. Re2 Rxe2+ 31. Kxe2 Nd5 32. g3 Ne7 33. Kd3 f6 34. Nd7 Kf7 35. Kc4 Ke6 36. Nf8+ Kf7 37. Nd7 Ke6 38. Nf8+ Kf7 39. Nd7 1/2-1/2

[Event "Titled Tuesday intern op 17th Sep Early"]
[Site "Chess,com INT"]
[Date "2024.09.17"]
[Round "6"]
[White "Kukhmazov, Arsen"]
[Black "Rogov, Matfey"]
[Result "0-1"]
[WhiteElo "2480"]
[BlackElo "2188"]
[PlyCount "102"]
[EventDate "2024.09.17"]
[EventType "swiss (blitz)"]
[EventRounds "11"]
[EventCountry "USA"]
[SourceTitle "EXT 2025"]
[Source "ChessBase"]
[SourceDate "2024.10.14"]
[SourceVersion "1"]
[SourceVersionDate "2024.10.14"]
[SourceQuality "1"]

1. d4 Nf6 2. c4 g6 3. Nf3 Bg7 4. g3 0-0 5. Bg2 d6 6. 0-0 Nc6 7. Nc3 e5 8. dxe5 dxe5 9. Qxd8 Rxd8 10. Bg5 Be6 11. Nd2 h6 12. Bxf6 Bxf6 13. Nde4 Be7 14. Nd5 Bxd5 15. cxd5 Nb4 16. Nc3 c6 17. dxc6 Nxc6 18. Nd5 Kf8 19. Rac1 Rac8 20. e3 Bd6 21. g4 Nb4 22. Nxb4 Bxb4 23. Bxb7 Rxc1 24. Rxc1 Rd2 25. a3 Be7 26. b4 Bh4 27. f4 Bf2+ 28. Kf1 Bxe3 29. Rc8+ Kg7 30. fxe5 Bf4 31. e6 fxe6 32. Ra8 Be3 33. h3 Kf6 34. Be4 Kg5 35. Rf8 Ra2 36. Rf3 Bd4 37. Rd3 e5 38. Rf3 Rh2 39. Ke1 Ra2 40. Kd1 h5 41. gxh5 gxh5 42. Kc1 Kh4 43. Kb1 Rb2+ 44. Kc1 Rh2 45. Rf7 Ra2 46. Rh7 Kg5 47. Rg7+ Kf4 48. Bd5 Rxa3 49. h4 Rc3+ 50. Kd2 Rg3 51. Rf7+ Kg4 0-1

[Event "Titled Tuesday intern op 17th Sep Early"]
[Site "Chess,com INT"]
[Date "2024.09.17"]
[Round "1"]
[White "Kukhmazov, Arsen"]
[Black "Sai Agni, Jeevitesh J"]
[Result "1/2-1/2"]
[WhiteElo "2480"]
[BlackElo "2297"]
[PlyCount "92"]
[EventDate "2024.09.17"]
[EventType "swiss (blitz)"]
[EventRounds "11"]
[EventCountry "USA"]
[SourceTitle "EXT 2025"]
[Source "ChessBase"]
[SourceDate "2024.10.14"]
[SourceVersion "1"]
[SourceVersionDate "2024.10.14"]
[SourceQuality "1"]

1. d4 Nf6 2. Nf3 d6 3. g3 Nbd7 4. Bg2 e5 5. c4 Be7 6. Nc3 0-0 7. 0-0 c6 8. Qc2 Qc7 9. Rd1 a6 10. a4 a5 11. h3 Re8 12. Be3 exd4 13. Bxd4 Nc5 14. e4 Nfd7 15. Rab1 Na6 16. Qd2 Bf8 17. Qf4 Ndc5 18. Qe3 Be6 19. Nd2 Nb4 20. Rbc1 Ncd3 21. Rb1 c5 22. Nb5 cxd4 23. Qxd4 Qc5 24. Qxc5 dxc5 25. Nc7 Rac8 26. Nxe8 Rxe8 27. f4 g6 28. e5 b6 29. Ne4 Rd8 30. b3 Rd4 31. Nf6+ Kg7 32. Bf1 Bf5 33. g4 Bc8 34. Kh2 Nxf4 35. Rxd4 cxd4 36. Rd1 Bc5 37. Kg3 Ne6 38. h4 h6 39. g5 hxg5 40. hxg5 Nxg5 41. Bg2 Bf5 42. Rh1 Nd3 43. Ne8+ Kg8 44. Nf6+ Kg7 45. Ne8+ Kg8 46. Nf6+ Kg7 1/2-1/2

[Event "Titled Tuesday intern op 17th Sep Early"]
[Site "Chess,com INT"]
[Date "2024.09.17"]
[Round "3"]
[White "Kukhmazov, Arsen"]
[Black "Stepanencu, Nicodim Cosmin"]
[Result "1-0"]
[WhiteElo "2480"]
[BlackElo "2296"]
[PlyCount "29"]
[EventDate "2024.09.17"]
[EventType "swiss (blitz)"]
[EventRounds "11"]
[EventCountry "USA"]
[SourceTitle "EXT 2025"]
[Source "ChessBase"]
[SourceDate "2024.10.14"]
[SourceVersion "1"]
[SourceVersionDate "2024.10.14"]
[SourceQuality "1"]

1. d4 g6 2. c4 f5 3. Nc3 Nf6 4. h4 d6 5. g3 Nbd7 6. Nh3 Bg7 7. Nf4 Nb6 8. h5 Kf7 9. h6 Bf8 10. Qb3 e6 11. Bg2 c6 12. d5 e5 13. dxc6 bxc6 14. c5+ Nbd5 15. Ncxd5 1-0

[Event "Titled Tuesday intern op 10th Sep Late"]
[Site "Chess,com INT"]
[Date "2024.09.10"]
[Round "4"]
[White "Karas, Eugenia"]
[Black "Kukhmazov, Arsen"]
[Result "0-1"]
[WhiteElo "2124"]
[BlackElo "2480"]
[PlyCount "144"]
[EventDate "2024.09.10"]
[EventType "swiss (blitz)"]
[EventRounds "11"]
[EventCountry "USA"]
[SourceTitle "EXT 2025"]
[Source "ChessBase"]
[SourceDate "2024.10.14"]
[SourceVersion "1"]
[SourceVersionDate "2024.10.14"]
[SourceQuality "1"]

1. d4 d5 2. c4 c6 3. Nf3 Nf6 4. Nbd2 Bf5 5. Qb3 Qb6 6. c5 Qc7 7. g3 e6 8. Bg2 h6 9. 0-0 Nbd7 10. Re1 b6 11. cxb6 axb6 12. Qd1 Be7 13. b3 0-0 14. Bb2 c5 15. dxc5 bxc5 16. a4 Bh7 17. Rc1 Rfb8 18. Nd4 Nb6 19. Nb5 Qd8 20. Be5 Rb7 21. e4 Rd7 22. Qe2 Bf8 23. exd5 exd5 24. Bh3 Re7 25. Qf3 Ne4 26. Nxe4 Bxe4 27. Qc3 c4 28. f3 Bg6 29. Bd4 Rxe1+ 30. Rxe1 cxb3 31. Qxb3 Nxa4 32. Rd1 Nc5 33. Bxc5 Bxc5+ 34. Kg2 d4 35. Qb2 Qd5 36. Nxd4 Ra2 37. Ne2 Rxb2 38. Rxd5 Rxe2+ 39. Kf1 Rf2+ 40. Ke1 Rxh2 41. Rxc5 Rxh3 42. Kf2 Rh2+ 43. Kg1 Ra2 44. Rc8+ Kh7 45. f4 Rc2 46. Rd8 Be4 47. Rd7 f5 48. Rd6 Rg2+ 49. Kf1 Rxg3 50. Re6 Rf3+ 51. Kg2 Rxf4+ 52. Kg3 Rg4+ 53. Kh3 Rg6 54. Re8 Rb6 55. Kh4 Kg6 56. Rd8 Kf6 57. Rg8 Rb1 58. Rf8+ Kg6 59. Kg3 Rg1+ 60. Kf4 Rg4+ 61. Ke3 h5 62. Kf2 h4 63. Rh8 Kg5 64. Ke3 g6 65. Kf2 Rg3 66. Rh7 Kg4 67. Rh8 g5 68. Rh7 h3 69. Rh8 Rg2+ 70. Kf1 h2 71. Rh7 Rg1+ 72. Kf2 h1Q 0-1